| 000 | 01549cam a22002418i 4500 | ||
|---|---|---|---|
| 999 |
_c12605 _d12605 |
||
| 003 | OSt | ||
| 005 | 20240418125726.0 | ||
| 008 | 170605s2017 nyu j 000 0 eng | ||
| 020 | _a9781419718922 (paperback) | ||
| 082 | 0 | 0 |
_a720 _223 _bBEA |
| 100 | 1 |
_aBeaty, Andrea, _eauthor. |
|
| 245 | 1 | 0 |
_aIggy Peck's big project book for amazing architects / _cAndrea Beaty ; illustrated by David Roberts. |
| 300 | _apages cm | ||
| 520 | _a"Creativity meets curiosity and critical thinking in this project book from the #1 New York Times bestselling team behind Iggy Peck, Architect, Rosie Revere, Engineer, and Ada Twist, Scientist. Iggy Peck takes readers through more than 40 exciting STEM and design projects and activities, from drafting and doodling to building and blueprints. Aspiring architects and young dreamers of all kinds will get a sense of the unique mix of science, technology, and art skills used to create lasting structures. Packed with the same quirky humor and gorgeous illustration that made Iggy Peck, Architect a hit, the project book will appeal to fans who are craving more from Miss Greer's clever class"-- | ||
| 650 | 0 |
_aArchitecture _vJuvenile literature. |
|
| 650 | 0 | _aCreative activities and seat work. | |
| 650 | 7 |
_aJUVENILE NONFICTION / Activity Books. _2bisacsh |
|
| 650 | 7 |
_aJUVENILE NONFICTION / Architecture. _2bisacsh |
|
| 650 | 7 |
_aJUVENILE NONFICTION / Technology / Inventions. _2bisacsh |
|
| 650 | 7 |
_aJUVENILE NONFICTION / Art / General. _2bisacsh |
|
| 700 | 1 |
_aRoberts, David, _d1970- _eillustrator. |
|
| 942 | _2ddc | ||